000 00782nam a22002417a 4500
999 _c13311
_d13311
003 AR-CdUCM
008 190411b ||||| |||| 00| 0 spa d
020 _a84-253-1198-5
040 _aMUNICIPALIDAD PROVINCIAL DEL CUSCO
_cBIBLIOTECA MUNICIPAL DEL CUSCO
041 _heng
082 _a818.5 /
_bG82
100 _aGrossbach, Robert
_931664
245 _aCalifornia suite :
_bNovela basada en el guión cinematográfico de Neil Simon /
260 _aBarcelona :
_bEdiciones Grijalbo,
_c1979.
300 _a242 páginas ;
_c18 cm.
505 _aContenido: Novela.
650 _aLiteratura Estadounidense
_931137
650 _aSiglo XX
_98
650 _aNovela
_95
700 _aGarcía Burgos, Amparo (traducción)
_931665
942 _2ddc
_cLIBROS
945 _aachl
_d2019-04-11